[Event "Stuttgart-chA op"]
[Site "Ditzingen"]
[Date "2015.05.16"]
[Round "6"]
[White "Ruff, Robert"]
[Black "Sand, Rolf"]
[Result "0-1"]
[WhiteElo "1821"]
[BlackElo "1969"]
[PlyCount "98"]
[EventDate "2015.05.14"]
[EventType "swiss"]
[EventRounds "7"]
[EventCountry "GER"]
[SourceTitle "EXT 2018"]
[Source "ChessBase"]
[SourceDate "2017.10.13"]
[SourceVersion "1"]
[SourceVersionDate "2017.10.13"]
[SourceQuality "1"]

1. d4 Nf6 2. c4 g6 3. Nc3 d5 4. Nf3 Bg7 5. Bf4 0-0 6. e3 c5 7. Be2 cxd4 8. Nxd4 Nc6 9. Nxc6 bxc6 10. 0-0 Be6 11. h3 dxc4 12. e4 Qxd1 13. Rfxd1 Rfd8 14. Rac1 Rxd1+ 15. Rxd1 Nd7 16. Na4 Nb6 17. Nxb6 axb6 18. Rd2 h5 19. a3 c3 20. bxc3 Rxa3 21. c4 Rc3 22. Rd8+ Kh7 23. Bd2 Rc2 24. Bd1 Rxc4 25. f3 Rd4 26. Rxd4 Bxd4+ 27. Kf1 Bc4+ 28. Be2 Bxe2+ 29. Kxe2 Kg7 30. Kd3 e5 31. f4 Kf6 32. Be1 Ke6 33. g4 b5 34. Ba5 Kd6 35. f5 c5 36. Kc2 c4 37. Bb4+ Bc5 38. Bc3 b4 39. Bd2 Kc6 40. Bg5 Bd4 41. Be7 Kb5 42. Bd6 b3+ 43. Kb1 c3 44. Ba3 Kc4 45. Bb2 Kd3 46. fxg6 fxg6 47. gxh5 gxh5 48. Kc1 Kxe4 49. Kb1 c2+ 0-1

[Event "Wuerttemberg-ch KT"]
[Site "Lauffen am Neckar"]
[Date "2011.08.31"]
[Round "5"]
[White "Guilliard, Joachim"]
[Black "Ruff, Robert"]
[Result "1/2-1/2"]
[WhiteElo "2073"]
[BlackElo "1785"]
[PlyCount "117"]
[EventDate "2011.08.26"]
[EventType "swiss"]
[EventRounds "9"]
[EventCountry "GER"]
[SourceTitle "EXT 2017"]
[Source "ChessBase"]
[SourceDate "2016.10.25"]
[SourceVersion "1"]
[SourceVersionDate "2016.10.25"]
[SourceQuality "1"]

1. d4 d5 2. Bf4 Nf6 3. e3 c5 4. c3 Nc6 5. Nd2 Qb6 6. Qb3 c4 7. Qc2 g6 8. e4 Nxe4 9. Nxe4 dxe4 10. Bxc4 Bf5 11. Qe2 Bg7 12. f3 exf3 13. Nxf3 0-0 14. 0-0 e5 15. Nxe5 Nxe5 16. Bxe5 Rfe8 17. Kh1 Bxe5 18. dxe5 Re7 19. Qf2 Qxf2 20. Rxf2 Rxe5 21. Raf1 Rae8 22. Bxf7+ Kxf7 23. g4 Re1 24. gxf5 Rxf1+ 25. Rxf1 Re2 26. fxg6+ Kxg6 27. Rb1 Kf6 28. Kg1 Ke6 29. h3 Kd6 30. a3 Kc5 31. b4+ Kc4 32. Rf1 Re7 33. Rf3 Kb3 34. c4+ Kxc4 35. Kf2 Rd7 36. Ke2 a6 37. Rg3 Kb5 38. Rc3 Ka4 39. Ke3 b5 40. Ke2 Rd6 41. Re3 Rg6 42. Kf3 Rg1 43. Kf4 Rb1 44. Re6 Kxa3 45. Rxa6+ Kxb4 46. Ra7 Rf1+ 47. Kg4 Kb3 48. Rxh7 b4 49. Rb7 Kc3 50. Rc7+ Kb2 51. h4 b3 52. h5 Rc1 53. Rb7 Rc4+ 54. Kg5 Kc2 55. h6 b2 56. h7 Rc8 57. Kg6 b1Q 58. Rxb1 Kxb1 59. Kg7 1/2-1/2

[Event "Wuerttemberg-ch KT"]
[Site "Stuttgart"]
[Date "2010.09.03"]
[Round "7"]
[White "Ruff, Robert"]
[Black "Schoembs, Oliver"]
[Result "0-1"]
[WhiteElo "1827"]
[BlackElo "1938"]
[PlyCount "118"]
[EventDate "2010.08.28"]
[EventType "swiss"]
[EventRounds "9"]
[EventCountry "GER"]
[SourceTitle "EXT 2017"]
[Source "ChessBase"]
[SourceDate "2016.10.25"]
[SourceVersion "1"]
[SourceVersionDate "2016.10.25"]
[SourceQuality "1"]

1. d4 Nf6 2. c4 e6 3. Nc3 c5 4. e3 g6 5. Nf3 Bg7 6. Be2 0-0 7. 0-0 Na6 8. a3 b6 9. Rb1 d6 10. d5 Nc7 11. e4 exd5 12. cxd5 Re8 13. Qc2 Nh5 14. Bg5 Qd7 15. Nd2 Ba6 16. Bxa6 Nxa6 17. Qd3 Nc7 18. h3 f5 19. f4 Bd4+ 20. Kh2 Bxc3 21. bxc3 fxe4 22. Qc4 b5 23. Qa2 c4 24. g4 Ng7 25. Qc2 e3 26. Ne4 Rxe4 27. Qxe4 Re8 28. Qf3 Qf7 29. Rfe1 Qxd5 30. Kg3 Qd3 31. Bf6 Kf7 32. Bd4 h5 33. Rbd1 Qc2 34. Bxe3 hxg4 35. hxg4 Qxc3 36. Bd2 Qc2 37. Rxe8 Ngxe8 38. Bc3 a6 39. Rh1 Nf6 40. Re1 Qd3 41. Re3 Qd5 42. Qe2 Ne6 43. Qf3 Qxf3+ 44. Kxf3 Nd5 45. Bd2 Nxe3 46. Kxe3 d5 47. f5 gxf5 48. gxf5 Ng5 49. Kf4 Ne4 50. Be3 a5 51. Ke5 Nc3 52. Kd4 b4 53. Bd2 Kf6 54. Bxc3 bxc3 55. Kxc3 Kxf5 56. Kd4 Kf4 57. a4 Kf3 58. Kxd5 c3 59. Kc4 c2 0-1

[Event "Stuttgart-chA int"]
[Site "Ditzingen"]
[Date "2010.05.14"]
[Round "3"]
[White "Ruff, Robert"]
[Black "Gibicar, Danijel"]
[Result "0-1"]
[WhiteElo "1848"]
[BlackElo "1965"]
[PlyCount "105"]
[EventDate "2010.05.13"]
[EventType "swiss"]
[EventRounds "7"]
[EventCountry "GER"]
[SourceTitle "EXT 2018"]
[Source "ChessBase"]
[SourceDate "2017.10.13"]
[SourceVersion "1"]
[SourceVersionDate "2017.10.13"]
[SourceQuality "1"]

1. d4 Nf6 2. c4 c5 3. d5 b5 4. cxb5 a6 5. e3 d6 6. Nc3 axb5 7. Bxb5+ Bd7 8. Bc4 g6 9. Bd2 Bg7 10. Nf3 Qb6 11. Qc2 Na6 12. a3 0-0 13. Rb1 Nc7 14. 0-0 Nb5 15. e4 Nd4 16. Qd3 Ng4 17. Bf4 Nxf3+ 18. Qxf3 Ne5 19. Bxe5 Bxe5 20. Qd3 f5 21. f3 Rf7 22. Kh1 Raf8 23. Qe2 fxe4 24. Nxe4 Bf5 25. b3 Qa5 26. a4 h6 27. Rbd1 Kg7 28. Qe1 Qb6 29. a5 Qa7 30. a6 Rb8 31. Qe2 Rb6 32. Rd2 Rf8 33. Ra2 Bd7 34. g3 Rbb8 35. Nf2 Rf7 36. Nd3 Bd4 37. Nf4 Rbf8 38. Bd3 Rxf4 39. gxf4 Bh3 40. Re1 Rf7 41. Be4 Rxf4 42. Qb5 Rf8 43. Qd3 Rf6 44. Rd1 Be5 45. Rg1 g5 46. Qe2 Rf4 47. Bd3 Rh4 48. Ra4 Bf4 49. Qe4 Bf5 50. Rxg5+ hxg5 51. Qxf4 Rxf4 52. Rxf4 gxf4 53. Bc4 0-1

[Event "Stuttgart-chA int"]
[Site "Ditzingen"]
[Date "2010.05.13"]
[Round "2"]
[White "Stets, Dmitry"]
[Black "Ruff, Robert"]
[Result "1-0"]
[WhiteElo "2450"]
[BlackElo "1848"]
[PlyCount "79"]
[EventDate "2010.05.13"]
[EventType "swiss"]
[EventRounds "7"]
[EventCountry "GER"]
[SourceTitle "EXT 2018"]
[Source "ChessBase"]
[SourceDate "2017.10.13"]
[SourceVersion "1"]
[SourceVersionDate "2017.10.13"]
[SourceQuality "1"]

1. e4 e6 2. d4 d5 3. Nc3 Bb4 4. Nge2 dxe4 5. a3 Bxc3+ 6. Nxc3 Nf6 7. Bg5 Bd7 8. Nxe4 Bc6 9. Nxf6+ gxf6 10. Bh4 Nd7 11. Qh5 Qe7 12. 0-0-0 0-0-0 13. f3 Qd6 14. Bc4 Nb6 15. Bg3 Qd7 16. Bd3 Qxd4 17. Qxf7 Qe3+ 18. Kb1 Rd7 19. Qxf6 Rhd8 20. Rhe1 Qc5 21. Rxe6 Nc4 22. Rxc6 bxc6 23. Bf5 Nd6 24. Bxd6 cxd6 25. Rxd6 Kc7 26. Rxd7+ Rxd7 27. Bxd7 Kxd7 28. Qg7+ Kc8 29. h4 Qg1+ 30. Ka2 Qf2 31. Qg8+ Kb7 32. h5 h6 33. Qf7+ Kb6 34. g4 a5 35. a4 Qd4 36. b3 Qc3 37. Qf5 c5 38. Qd3 Qxd3 39. cxd3 Kc6 40. g5 1-0

[Event "Stuttgart-chB int"]
[Site "Gerlingen"]
[Date "2007.05.19"]
[Round "6"]
[White "Kurze, Volker"]
[Black "Ruff, Robert"]
[Result "0-1"]
[WhiteElo "1427"]
[BlackElo "1587"]
[PlyCount "68"]
[EventDate "2007.05.17"]
[EventType "swiss"]
[EventRounds "7"]
[EventCountry "GER"]
[SourceTitle "EXT 2018"]
[Source "ChessBase"]
[SourceDate "2017.10.13"]
[SourceVersion "1"]
[SourceVersionDate "2017.10.13"]
[SourceQuality "1"]

1. Nf3 d5 2. d4 Nf6 3. g3 e6 4. c4 c6 5. Bg2 Nbd7 6. 0-0 dxc4 7. Qc2 b5 8. a4 Qb6 9. axb5 cxb5 10. Ne5 Bb7 11. Bf4 Bxg2 12. Kxg2 Be7 13. Nxd7 Nxd7 14. Rd1 0-0 15. Nc3 Nf6 16. e4 Rfd8 17. d5 b4 18. Na4 Qb5 19. d6 Bf8 20. e5 Qc6+ 21. f3 Nd5 22. Qe4 Rac8 23. Be3 a6 24. Bc5 c3 25. b3 Qb5 26. Ra2 g6 27. Qd4 Bh6 28. f4 Qc6 29. Nb6 Nxf4+ 30. Kf1 Qf3+ 31. Qf2 Qxd1+ 32. Qe1 Qxe1+ 33. Kxe1 Nd3+ 34. Ke2 Nc1+ 0-1